| 000 | 00639nam a2200241Ia 4500 | ||
|---|---|---|---|
| 003 | OSt | ||
| 005 | 20220924121706.0 | ||
| 006 | a|||||r|||| 00| 0 | ||
| 007 | ta | ||
| 008 | 220923b |||||||| |||| 00| 0 urd d | ||
| 020 | _c4.00 | ||
| 024 | _a320201 | ||
| 037 | _cTextual | ||
| 040 |
_aARTS _cARTS _burd |
||
| 041 |
_2urd _aurd |
||
| 082 | _aO168,6M17w, J9 | ||
| 100 |
_aAbdul Haq Au. _91299 |
||
| 245 | 0 | _aSar Sayed Ahmad Khan | |
| 260 |
_aKarachi _bAnjuman taraqqi Urdu India _c1959 |
||
| 650 |
_aURDU PROSE _926866 |
||
| 942 |
_hO168,6M17w, J9 _cTEXL _2CC |
||
| 999 |
_c408623 _d408623 |
||